000 00427nam a2200193Ia 4500
005 20240823054315.0
008 240823s9999||||xx |||||||||||||| ||und||
020 _a978-81-89448-35-2
041 _aENGLISH
082 _A823 P7
100 _aMarija Sres
245 0 _aFirst there was women
250 _a1st
260 _c2007
_bZubaan Fi
500 _aYES
650 _aNovel
_bEnglish
942 _cBK
999 _c226152
_d226152